A qualitative exploration of women's work aspirations and beliefs on meritocracy / (Record no. 20779)
[ view plain ]
| 000 -LEADER | |
|---|---|
| fixed length control field | 00966nam a22002417a 4500 |
| 003 - CONTROL NUMBER IDENTIFIER | |
| control field | OSt |
| 005 - DATE AND TIME OF LATEST TRANSACTION | |
| control field | 20250905131313.0 |
| 008 - FIXED-LENGTH DATA ELEMENTS--GENERAL INFORMATION | |
| fixed length control field | 240821b ||||| |||| 00| 0 eng d |
| 040 ## - CATALOGING SOURCE | |
| Transcribing agency | 0 |
| 082 ## - DEWEY DECIMAL CLASSIFICATION NUMBER | |
| Classification number | DPer 361.05 J826 January-April 2020 v. 67 n. 1-3 |
| 100 ## - MAIN ENTRY--PERSONAL NAME | |
| Personal name | Kozan, Saliha. |
| Relator term | author. |
| 9 (RLIN) | 58688 |
| 245 ## - TITLE STATEMENT | |
| Title | A qualitative exploration of women's work aspirations and beliefs on meritocracy / |
| Statement of responsibility, etc. | Saliha Kozan, Ellen Gutowski, and David L. Blustein. |
| 260 ## - PUBLICATION, DISTRIBUTION, ETC. (IMPRINT) | |
| Place of publication, distribution, etc. | Washington ; |
| Name of publisher, distributor, etc. | American Psychological Association , |
| Date of publication, distribution, etc. | March 2020. |
| 300 ## - PHYSICAL DESCRIPTION | |
| Extent | Volume 67, pages 195-207 : |
| Other physical details | illustration ; |
| Dimensions | 28 cm. |
| 500 ## - GENERAL NOTE | |
| General note | Journal of Counseling Psychology, vol. 67, no. 2, pages 195-207, March 2020. |
| 650 #0 - SUBJECT ADDED ENTRY--TOPICAL TERM | |
| Topical term or geographic name as entry element | Career choice. |
| 9 (RLIN) | 65339 |
| 650 #0 - SUBJECT ADDED ENTRY--TOPICAL TERM | |
| Topical term or geographic name as entry element | Employment psychology. |
| 9 (RLIN) | 65356 |
| 650 #0 - SUBJECT ADDED ENTRY--TOPICAL TERM | |
| Topical term or geographic name as entry element | Female. |
| 9 (RLIN) | 65357 |
| 700 ## - ADDED ENTRY--PERSONAL NAME | |
| Personal name | Kozan, Saliha. |
| Relator term | author. |
| 9 (RLIN) | 58688 |
| 700 ## - ADDED ENTRY--PERSONAL NAME | |
| Personal name | Gutowski, Ellen. |
| Relator term | author. |
| 9 (RLIN) | 58689 |
| 700 ## - ADDED ENTRY--PERSONAL NAME | |
| Personal name | Blustein, David L. |
| Relator term | author. |
| 9 (RLIN) | 58690 |
| 942 ## - ADDED ENTRY ELEMENTS (KOHA) | |
| Source of classification or shelving scheme | Dewey Decimal Classification |
| Koha item type | Periodicals |
| Withdrawn status | Lost status | Source of classification or shelving scheme | Damaged status | Not for loan | Collection code | Home library | Current library | Date acquired | Total Checkouts | Full call number | Date last seen | Price effective from | Koha item type | Public note |
|---|---|---|---|---|---|---|---|---|---|---|---|---|---|---|
| Dewey Decimal Classification | Periodicals | UM Digos College - LIC | UM Digos College - LIC | 08/21/2024 | DPer 361.05 J386 January-April 2020 v. 67 n. 1-3 | 08/21/2024 | 08/21/2024 | Periodicals | Periodical Article |
